La Otra globalización
En este artículo se ofrece un análisis de la globalización y de los movimientos sociales que han repercutido en torno a la discusión de sus efectos. Se retoma el caso de las manifestaciones en Italia en julio del 2001 y las de El Salvador en la misma época en ambas se cuestiona la actuación de la p...
Na minha lista:
| Formato: | Texto |
|---|---|
| Assuntos: | |
| Tags: |
Adicionar Tag
Sem tags, seja o primeiro a adicionar uma tag!
|
MARC
| LEADER | 00000 a a2200000 04500 | ||
|---|---|---|---|
| 001 | 6462 | ||
| 003 | |||
| 040 | |||
| 245 | |a La Otra globalización | ||
| 520 | |a En este artículo se ofrece un análisis de la globalización y de los movimientos sociales que han repercutido en torno a la discusión de sus efectos. Se retoma el caso de las manifestaciones en Italia en julio del 2001 y las de El Salvador en la misma época |a en ambas se cuestiona la actuación de la policía y la percepción que de ellas elaboran los grupos de poder. Se analiza también el descontento de la opinión pública con respecto a la globalización y la posición que conforman los grupos de poder sobre este fenómeno y ante las demandas sociales. Por último se expresa cuál es el desafío de la globalización, refiriéndose a estrategias y recomendaciones para el contexto salvadoreño./MSD | ||
| 650 | |a MOVIMIENTOS SOCIALES | ||
| 650 | |a GLOBALIZACION | ||
| 650 | |a CONFLICTOS SOCIALES | ||
| 650 | |a PROBLEMAS SOCIALES | ||
| 650 | |a CRISIS SOCIAL | ||
| 650 | |a VIOLENCIA | ||
| 650 | |a POLICIA | ||
| 773 | |g volumen 21, número 961; páginas 4-6 | ||
| 999 | |c 38089 |d 38089 | ||
